|
|
|
|
| LEADER |
00000nam0a2200000 4500 |
| 001 |
270186 |
| 005 |
20240213151200.0 |
| 035 |
|
|
|a (RuTPU)RU\TPU\book\293367
|
| 090 |
|
|
|a 270186
|
| 100 |
|
|
|a 20140924d2014 m y0rusy50 ca
|
| 101 |
0 |
|
|a eng
|
| 102 |
|
|
|a RU
|
| 105 |
|
|
|a a j 001zy
|
| 200 |
1 |
|
|a Компьютерные технологии решения задач электроснабжения
|d Computer technologies of energy supply
|e лабораторный практикум
|e учебное пособие
|f Е. А. Шутов, Г. Н. Климова, Г. А. Низкодубов
|g Национальный исследовательский Томский политехнический университет (ТПУ)
|
| 210 |
|
|
|a Томск
|c Изд-во ТПУ
|d 2014
|
| 215 |
|
|
|a 85 с.
|c ил.
|
| 300 |
|
|
|a Книга на англ. яз.
|
| 320 |
|
|
|a Библиогр.: с. 84.
|
| 330 |
|
|
|a A study guide "Computer technologies of energy supply. Laboratory practice" is focused on a design of control systems of production processes; the study guide is prepared on the basis of support materials offered by TRACE MODE system made by AdAstrA company. The study guide offers an opportunity to tackle on tasks in a tool-associated system without detailed examination of all documentation.TRACE MODE system makes it possible to control power and electricity consumption, voltage level and network frequency: data collection and storage from meters, input and control of power consumption targets, development of charts of control measurements and charts of active power, preparation of summary reports on energy consumption.The laboratory practice has been prepared on the basis of the original Russian-language materials and it is fully consistent with the course of "Computer technologies of energy supply".
|
| 510 |
1 |
|
|a Computer technologies of energy supply
|z eng
|
| 606 |
1 |
|
|a Промышленные предприятия
|x Электроснабжение
|x Автоматизация
|2 stltpush
|3 (RuTPU)RU\TPU\subj\52728
|9 71131
|
| 610 |
1 |
|
|a электропотребление
|
| 610 |
1 |
|
|a электроснабжение
|
| 610 |
1 |
|
|a компьютерные технологии
|
| 610 |
1 |
|
|a информационные технологии
|
| 610 |
1 |
|
|a задачи
|
| 610 |
1 |
|
|a решение
|
| 610 |
1 |
|
|a лабораторные практикумы
|
| 610 |
1 |
|
|a учебные пособия
|
| 610 |
1 |
|
|a труды учёных ТПУ
|
| 675 |
|
|
|a 658.26:621.31-52(075.8)
|v 3
|
| 700 |
|
1 |
|a Шутов
|b Е. А.
|c специалист в области электроэнергетики
|c доцент Томского политехнического университета, кандидат технических наук
|f 1963-
|g Евгений Алексеевич
|3 (RuTPU)RU\TPU\pers\26338
|9 12091
|
| 701 |
|
1 |
|a Климова
|b Г. Н.
|c специалист в области энергетики
|c доцент Томского политехнического университета, кандидат технических наук
|f 1976-
|g Галина Николаевна
|3 (RuTPU)RU\TPU\pers\26727
|9 12385
|
| 701 |
|
1 |
|a Низкодубов
|b Г. А.
|c лингвист
|c доцент Томского политехнического университета, кандидат педагогических наук
|f 1982-
|g Гавриил Анатольевич
|3 (RuTPU)RU\TPU\pers\29753
|
| 712 |
0 |
2 |
|a Национальный исследовательский Томский политехнический университет (ТПУ)
|c (2009- )
|3 (RuTPU)RU\TPU\col\15902
|
| 801 |
|
1 |
|a RU
|b 63413507
|c 20140924
|
| 801 |
|
2 |
|a RU
|b 63413507
|c 20141003
|g RCR
|
| 942 |
|
|
|c BK
|